[Event "MESRRK"]
[Site "?"]
[Date "2018.05.27"]
[Round "9.9"]
[White "Boba, Dominik"]
[Black "Kapicakova, Lucia"]
[Result "0-1"]
[BlackElo "1403"]
[WhiteElo "1430"]
[LiveChessVersion "1.4.8"]

1. e4 {[%clk 0:20:17]} e5 {[%clk 0:20:17]} 2. Nf3 {[%clk 0:20:18]} Nc6
{[%clk 0:20:23]} 3. Bb5 {[%clk 0:20:16]} a6 {[%clk 0:20:29]} 4. Ba4
{[%clk 0:20:10]} Nf6 {[%clk 0:20:36]} 5. d3 {[%clk 0:20:08]} b5 {[%clk 0:20:41]}
6. Bb3 {[%clk 0:20:10]} Be7 {[%clk 0:20:46]} 7. Bg5 {[%clk 0:19:36]} h6
{[%clk 0:20:41]} 8. Bh4 {[%clk 0:19:24]} d6 {[%clk 0:20:42]} 9. h3
{[%clk 0:19:09]} O-O {[%clk 0:20:43]} 10. Nc3 {[%clk 0:19:11]} Na5
{[%clk 0:20:43]} 11. Nd2 {[%clk 0:17:47]} Nxb3 {[%clk 0:20:14]} 12. Nxb3
{[%clk 0:16:47]} c6 {[%clk 0:19:29]} 13. Ne2 {[%clk 0:13:20]} Nh5
{[%clk 0:18:15]} 14. Bxe7 {[%clk 0:13:03]} Qxe7 {[%clk 0:18:18]} 15. Qd2
{[%clk 0:12:03]} Be6 {[%clk 0:17:22]} 16. Nbc1 {[%clk 0:07:36]} Nf6
{[%clk 0:16:16]} 17. Ng3 {[%clk 0:07:38]} Nd7 {[%clk 0:15:55]} 18. Nce2
{[%clk 0:07:13]} f5 {[%clk 0:15:06]} 19. exf5 {[%clk 0:06:03]} Bxf5
{[%clk 0:15:10]} 20. Nxf5 {[%clk 0:05:16]} Rxf5 {[%clk 0:15:12]} 21. Ng3
{[%clk 0:05:15]} Rf7 {[%clk 0:14:57]} 22. O-O {[%clk 0:04:22]} Raf8
{[%clk 0:14:33]} 23. f3 {[%clk 0:03:53]} Nc5 {[%clk 0:14:11]} 24. Rae1
{[%clk 0:02:42]} Ne6 {[%clk 0:13:36]} 25. c3 {[%clk 0:01:46]} Nf4
{[%clk 0:13:14]} 26. Kh2 {[%clk 0:01:12]} Qg5 {[%clk 0:12:32]} 27. Qe3
{[%clk 0:00:36]} Qg6 {[%clk 0:11:47]} 28. Rd1 {[%clk 0:00:25]} h5
{[%clk 0:11:13]} 29. Rg1 {[%clk 0:00:34]} h4 {[%clk 0:10:38]} 30. Ne2
{[%clk 0:00:30]} Qg5 {[%clk 0:09:20]} 31. Nxf4 {[%clk 0:00:23]} Qg3+
{[%clk 0:09:11]} 32. Kh1 {[%clk 0:00:30]} Rxf4 {[%clk 0:09:10]} 33. Qe1
{[%clk 0:00:30]} Rxf3 {[%clk 0:08:45]} 34. Qxg3 Rxg3 {[%clk 0:08:51]} 35. Rd2
{[%clk 0:00:18]} Rg6 {[%clk 0:08:40]} 36. Kh2 {[%clk 0:00:24]} Rgf6
{[%clk 0:08:44]} 37. g3 {[%clk 0:00:23]} Rf2+ {[%clk 0:08:38]} 38. Rxf2
{[%clk 0:00:19]} Rxf2+ {[%clk 0:08:44]} 39. Rg2 {[%clk 0:00:28]} Rxg2+
{[%clk 0:08:31]} 40. Kxg2 {[%clk 0:00:37]} hxg3 {[%clk 0:08:35]} 41. Kxg3
{[%clk 0:00:46]} Kf7 {[%clk 0:08:40]} 42. Kf3 {[%clk 0:00:50]} Kf6
{[%clk 0:08:40]} 43. Kg4 {[%clk 0:00:49]} Kg6 {[%clk 0:08:36]} 44. h4
{[%clk 0:00:48]} d5 {[%clk 0:08:38]} 45. a3 {[%clk 0:00:37]} c5 {[%clk 0:08:32]}
46. b4 {[%clk 0:00:26]} c4 {[%clk 0:08:26]} 47. dxc4 {[%clk 0:00:23]} dxc4
{[%clk 0:08:29]} 48. Kf3 {[%clk 0:00:27]} Kf5 {[%clk 0:08:34]} 49. h5
{[%clk 0:00:26]} e4+ {[%clk 0:08:35]} 50. Ke3 {[%clk 0:00:35]} Ke5
{[%clk 0:08:40]} 51. Ke2 {[%clk 0:00:34]} Kf4 {[%clk 0:08:45]} 52. Kf2
{[%clk 0:00:42]} e3+ {[%clk 0:08:50]} 53. Ke2 {[%clk 0:00:50]} Ke4
{[%clk 0:08:57]} 54. Ke1 {[%clk 0:00:44]} Kd3 {[%clk 0:09:04]} 55. Kd1
{[%clk 0:00:53]} Kxc3 {[%clk 0:09:08]} 0-1

[Event "MESRRK"]
[Site "?"]
[Date "2018.05.27"]
[Round "9.10"]
[White "Zumrik, Lukas"]
[Black "Juchelka, Marek"]
[Result "0-1"]
[BlackElo "1388"]
[WhiteElo "1440"]
[LiveChessVersion "1.4.8"]

1. d4 {[%clk 0:20:18]} f5 {[%clk 0:20:19]} 2. Nf3 {[%clk 0:20:25]} d5
{[%clk 0:20:28]} 3. c4 {[%clk 0:20:23]} e6 {[%clk 0:20:36]} 4. Bf4
{[%clk 0:20:29]} c6 {[%clk 0:20:45]} 5. e3 {[%clk 0:20:37]} Nf6 {[%clk 0:20:53]}
6. cxd5 {[%clk 0:20:36]} exd5 {[%clk 0:21:02]} 7. Nc3 {[%clk 0:20:38]} Bd6
{[%clk 0:21:10]} 8. Bxd6 {[%clk 0:20:35]} Qxd6 {[%clk 0:21:17]} 9. g3
{[%clk 0:19:41]} O-O {[%clk 0:21:20]} 10. Bg2 {[%clk 0:19:49]} Ne4
{[%clk 0:21:28]} 11. O-O {[%clk 0:18:38]} Qb4 {[%clk 0:21:19]} 12. Qc2
{[%clk 0:18:25]} Nd7 {[%clk 0:20:53]} 13. Nxe4 {[%clk 0:17:56]} fxe4
{[%clk 0:21:01]} 14. Nd2 {[%clk 0:17:47]} Qd6 {[%clk 0:20:39]} 15. a3
{[%clk 0:17:01]} Nf6 {[%clk 0:20:40]} 16. Nb3 {[%clk 0:16:47]} b6
{[%clk 0:20:38]} 17. Rac1 {[%clk 0:16:56]} Ba6 {[%clk 0:20:39]} 18. Rfd1
{[%clk 0:16:24]} Rac8 {[%clk 0:20:39]} 19. h3 {[%clk 0:13:20]} Bd3
{[%clk 0:20:36]} 20. Qd2 {[%clk 0:12:42]} Bc4 {[%clk 0:20:39]} 21. Qc3
{[%clk 0:12:37]} Nd7 {[%clk 0:19:58]} 22. Bf1 {[%clk 0:10:37]} Bxf1
{[%clk 0:19:45]} 23. Rxf1 {[%clk 0:10:44]} Qf6 {[%clk 0:19:50]} 24. Qd2
{[%clk 0:09:43]} Qg6 {[%clk 0:19:19]} 25. Qe2 {[%clk 0:09:12]} Rf7
{[%clk 0:18:57]} 26. Rc2 {[%clk 0:07:56]} Nf8 {[%clk 0:19:00]} 27. Qg4
{[%clk 0:07:45]} Qxg4 {[%clk 0:18:45]} 28. hxg4 {[%clk 0:07:53]} Rf6
{[%clk 0:18:54]} 29. Kg2 {[%clk 0:07:27]} Rg6 {[%clk 0:18:53]} 30. Rfc1
{[%clk 0:07:14]} Kf7 {[%clk 0:18:46]} 31. Nd2 {[%clk 0:07:08]} Ke7
{[%clk 0:18:46]} 32. Nf1 {[%clk 0:07:13]} Kd7 {[%clk 0:18:43]} 33. Nh2
{[%clk 0:07:22]} h6 {[%clk 0:18:52]} 34. Kh3 {[%clk 0:07:12]} Nh7
{[%clk 0:19:00]} 35. Kg2 {[%clk 0:06:54]} Nf6 {[%clk 0:19:01]} 36. Kh3
{[%clk 0:07:02]} h5 {[%clk 0:19:05]} 37. gxh5 {[%clk 0:07:07]} Nxh5
{[%clk 0:19:14]} 38. Kg2 {[%clk 0:07:12]} Nf6 {[%clk 0:18:56]} 39. b4
{[%clk 0:07:12]} Kd6 {[%clk 0:18:53]} 40. Rh1 {[%clk 0:06:59]} Rh6
{[%clk 0:18:24]} 41. Rcc1 {[%clk 0:06:57]} Rch8 {[%clk 0:18:30]} 42. g4
{[%clk 0:06:17]} g5 {[%clk 0:18:34]} 43. Kg3 {[%clk 0:06:20]} Rh4
{[%clk 0:16:23]} 44. Rcg1 {[%clk 0:02:45]} Nxg4 {[%clk 0:13:23]} 45. Rg2
{[%clk 0:02:12]} Nf6 {[%clk 0:13:09]} 46. Rgg1 {[%clk 0:01:16]} Rh3+
{[%clk 0:13:05]} 47. Kg2 {[%clk 0:01:24]} g4 {[%clk 0:12:30]} 48. Re1
{[%clk 0:01:14]} R8h4 {[%clk 0:11:34]} 49. Re2 {[%clk 0:00:57]} Nh7
{[%clk 0:11:18]} 50. Ree1 {[%clk 0:01:06]} Ng5 {[%clk 0:11:23]} 51. Rc1
{[%clk 0:00:16]} Nf3 {[%clk 0:11:21]} 52. Nxf3 {[%clk 0:00:25]} gxf3+
{[%clk 0:11:30]} 0-1

[Event "MESRRK"]
[Site "?"]
[Date "2018.05.27"]
[Round "9.11"]
[White "Brozka, Karel"]
[Black "Vargosko, Juraj"]
[Result "1-0"]
[BlackElo "1430"]
[WhiteElo "1590"]
[LiveChessVersion "1.4.8"]

1. d4 {[%clk 0:20:18]} Nf6 {[%clk 0:20:17]} 2. Nf3 {[%clk 0:20:26]} e6
{[%clk 0:20:23]} 3. c4 {[%clk 0:20:34]} d5 {[%clk 0:20:30]} 4. Nc3
{[%clk 0:20:42]} Be7 {[%clk 0:20:37]} 5. Bg5 {[%clk 0:20:50]} Nbd7
{[%clk 0:20:44]} 6. e3 {[%clk 0:20:54]} b6 {[%clk 0:20:27]} 7. cxd5
{[%clk 0:20:59]} exd5 {[%clk 0:20:32]} 8. Bd3 {[%clk 0:21:07]} Bb7
{[%clk 0:19:58]} 9. Rc1 {[%clk 0:21:08]} h6 {[%clk 0:19:58]} 10. Bf4
{[%clk 0:21:11]} a6 {[%clk 0:18:44]} 11. O-O {[%clk 0:21:14]} O-O
{[%clk 0:18:19]} 12. Ne5 {[%clk 0:21:22]} Nxe5 {[%clk 0:16:52]} 13. Bxe5
{[%clk 0:21:03]} Bd6 {[%clk 0:16:36]} 14. f4 {[%clk 0:19:36]} Qe7
{[%clk 0:14:54]} 15. Qf3 {[%clk 0:19:04]} c6 {[%clk 0:13:25]} 16. g4
{[%clk 0:18:11]} Bxe5 {[%clk 0:13:11]} 17. fxe5 {[%clk 0:17:28]} Nd7
{[%clk 0:12:59]} 18. Rc2 {[%clk 0:16:53]} g6 {[%clk 0:11:02]} 19. Qg3
{[%clk 0:15:33]} Kh8 {[%clk 0:07:32]} 20. h4 {[%clk 0:15:18]} Rg8
{[%clk 0:07:17]} 21. g5 {[%clk 0:15:00]} h5 {[%clk 0:07:19]} 22. Rcf2
{[%clk 0:15:00]} Raf8 {[%clk 0:07:20]} 23. Ne2 {[%clk 0:14:58]} Rg7
{[%clk 0:04:44]} 24. Nf4 {[%clk 0:15:02]} Rgg8 {[%clk 0:04:49]} 25. Qf3
{[%clk 0:15:00]} Nb8 {[%clk 0:02:05]} 26. Nxh5 {[%clk 0:14:51]} Qd7
{[%clk 0:01:24]} 27. Nf6 {[%clk 0:14:57]} 1-0

[Event "MESRRK"]
[Site "?"]
[Date "2018.05.27"]
[Round "9.12"]
[White "Jura, Michal"]
[Black "Kolimar, Kristof Pal"]
[Result "0-1"]
[BlackElo "1715"]
[WhiteElo "1264"]
[LiveChessVersion "1.4.8"]

1. e4 {[%clk 0:20:16]} c5 {[%clk 0:20:18]} 2. Nf3 {[%clk 0:20:22]} e6
{[%clk 0:20:26]} 3. d4 {[%clk 0:20:29]} cxd4 {[%clk 0:20:33]} 4. Nxd4
{[%clk 0:20:37]} a6 {[%clk 0:20:41]} 5. Nc3 {[%clk 0:20:40]} Qc7 {[%clk 0:20:48]}
6. g3 {[%clk 0:20:40]} Bb4 {[%clk 0:20:56]} 7. Bf4 {[%clk 0:20:47]} e5
{[%clk 0:20:56]} 8. Nf5 {[%clk 0:20:32]} exf4 {[%clk 0:20:59]} 9. Nxg7+
{[%clk 0:20:32]} Kf8 {[%clk 0:21:07]} 10. Nf5 {[%clk 0:20:36]} Bxc3+
{[%clk 0:21:15]} 11. bxc3 {[%clk 0:20:43]} Qxc3+ {[%clk 0:21:23]} 12. Ke2
{[%clk 0:20:45]} f3# {[%clk 0:21:23]} 0-1

[Event "MESRRK"]
[Site "?"]
[Date "2018.05.27"]
[Round "9.13"]
[White "Petrecz, Akos"]
[Black "Buchta, Bartolomej"]
[Result "1-0"]
[BlackElo "1405"]
[WhiteElo "1224"]
[LiveChessVersion "1.4.8"]

1. e4 {[%clk 0:20:18]} c5 2. Nf3 {[%clk 0:20:24]} d6 {[%clk 0:20:28]} 3. Bc4
{[%clk 0:20:28]} Nf6 {[%clk 0:20:34]} 4. Nc3 {[%clk 0:20:31]} a6 {[%clk 0:20:42]}
5. Be2 {[%clk 0:19:36]} b5 {[%clk 0:20:47]} 6. d3 {[%clk 0:19:16]} Bb7
{[%clk 0:20:25]} 7. a3 {[%clk 0:18:49]} e6 {[%clk 0:20:27]} 8. O-O
{[%clk 0:18:51]} Be7 {[%clk 0:20:30]} 9. Bg5 {[%clk 0:18:19]} h6 {[%clk 0:20:37]}
10. Bh4 {[%clk 0:18:21]} Qc7 {[%clk 0:20:08]} 11. h3 {[%clk 0:17:47]} Nbd7
{[%clk 0:19:34]} 12. Bg3 {[%clk 0:17:29]} O-O {[%clk 0:18:39]} 13. Qd2
{[%clk 0:17:05]} Rac8 {[%clk 0:17:55]} 14. Rac1 {[%clk 0:15:58]} Rfd8
{[%clk 0:16:54]} 15. Rfe1 {[%clk 0:13:58]} c4 {[%clk 0:16:31]} 16. Na2
{[%clk 0:10:10]} e5 {[%clk 0:12:39]} 17. Nb4 {[%clk 0:08:29]} a5 {[%clk 0:11:58]}
18. Na2 {[%clk 0:07:32]} d5 {[%clk 0:11:24]} 19. exd5 {[%clk 0:05:59]} Bxd5
{[%clk 0:11:21]} 20. Nc3 {[%clk 0:04:22]} Bd6 {[%clk 0:09:37]} 21. Nxb5
{[%clk 0:03:31]} Qb6 {[%clk 0:09:14]} 22. Nxd6 {[%clk 0:03:23]} Qxd6
{[%clk 0:09:21]} 23. dxc4 {[%clk 0:03:19]} Qc5 {[%clk 0:08:13]} 24. cxd5
{[%clk 0:03:23]} Ne4 {[%clk 0:08:20]} 25. Qe3 {[%clk 0:02:39]} Qxe3
{[%clk 0:08:27]} 26. fxe3 {[%clk 0:02:48]} Nxg3 {[%clk 0:08:36]} 27. c4
{[%clk 0:02:48]} Nb6 {[%clk 0:08:12]} 28. Nxe5 {[%clk 0:02:19]} Nxe2+
{[%clk 0:08:14]} 29. Rxe2 Nxd5 {[%clk 0:08:09]} 30. Kf2 {[%clk 0:01:45]} Nb6
{[%clk 0:07:29]} 31. c5 {[%clk 0:01:51]} Nd5 {[%clk 0:07:33]} 32. Rec2
{[%clk 0:01:43]} f6 {[%clk 0:07:30]} 33. Ng6 {[%clk 0:01:39]} Re8
{[%clk 0:07:28]} 34. Re2 {[%clk 0:01:29]} Kf7 {[%clk 0:07:07]} 35. Nf4
{[%clk 0:01:38]} Nxf4 {[%clk 0:07:09]} 36. exf4 {[%clk 0:01:47]} Rxe2+
{[%clk 0:07:15]} 37. Kxe2 {[%clk 0:01:56]} Ke6 {[%clk 0:07:24]} 38. Ke3
{[%clk 0:02:04]} Kd5 {[%clk 0:07:24]} 39. g3 {[%clk 0:01:47]} Rxc5
{[%clk 0:07:26]} 40. Rxc5+ {[%clk 0:01:57]} Kxc5 {[%clk 0:07:35]} 41. Kd3
{[%clk 0:02:04]} Kd5 {[%clk 0:07:25]} 42. b3 {[%clk 0:02:11]} g6 {[%clk 0:07:20]}
43. b4 {[%clk 0:02:20]} axb4 {[%clk 0:07:28]} 44. axb4 {[%clk 0:02:29]} Kc6
{[%clk 0:07:34]} 45. Kc4 {[%clk 0:02:38]} Kb6 {[%clk 0:07:40]} 46. b5
{[%clk 0:02:47]} Kb7 {[%clk 0:07:49]} 47. Kc5 {[%clk 0:02:57]} Kc7
{[%clk 0:07:58]} 48. b6+ {[%clk 0:03:06]} Kc8 {[%clk 0:07:59]} 49. Kc6
{[%clk 0:03:15]} g5 {[%clk 0:08:01]} 50. b7+ {[%clk 0:03:19]} Kb8
{[%clk 0:08:10]} 51. Kd6 {[%clk 0:03:26]} Kxb7 {[%clk 0:08:15]} 52. Ke6
{[%clk 0:03:35]} Kc7 {[%clk 0:08:24]} 53. Kxf6 {[%clk 0:03:44]} gxf4
{[%clk 0:08:32]} 54. gxf4 {[%clk 0:03:53]} Kd7 {[%clk 0:08:41]} 55. Kg6 Ke7 56.
Kxh6 {[%clk 0:04:11]} Kf7 {[%clk 0:09:00]} 57. Kg5 {[%clk 0:04:20]} Kg7
{[%clk 0:09:09]} 58. h4 {[%clk 0:04:28]} Kh7 {[%clk 0:09:18]} 59. f5
{[%clk 0:04:37]} Kg7 {[%clk 0:09:27]} 60. h5 {[%clk 0:04:47]} Kh7
{[%clk 0:09:36]} 61. f6 {[%clk 0:04:56]} Kh8 {[%clk 0:09:43]} 62. Kg6
{[%clk 0:05:00]} Kg8 {[%clk 0:09:52]} 63. f7+ {[%clk 0:05:08]} Kf8
{[%clk 0:09:59]} 64. h6 {[%clk 0:05:16]} Ke7 {[%clk 0:10:07]} 65. Kg7
{[%clk 0:05:25]} Ke6 {[%clk 0:10:14]} 66. f8=Q {[%clk 0:05:33]} Ke5
{[%clk 0:10:23]} 67. Qf6+ {[%clk 0:05:41]} Ke4 {[%clk 0:10:32]} 68. h7
{[%clk 0:05:49]} Kd5 {[%clk 0:10:40]} 69. h8=R Ke4 {[%clk 0:10:45]} 70. Re8+
{[%clk 0:06:05]} Kd5 {[%clk 0:10:54]} 71. Qd8+ {[%clk 0:06:11]} Kc6
{[%clk 0:11:03]} 72. Re1 {[%clk 0:06:18]} Kb7 {[%clk 0:11:05]} 73. Qd2
{[%clk 0:06:22]} Kc6 {[%clk 0:11:14]} 74. Rc1+ {[%clk 0:06:31]} Kb5
{[%clk 0:11:23]} 75. Qb2+ {[%clk 0:06:40]} Ka4 {[%clk 0:11:32]} 76. Ra1#
{[%clk 0:06:50]} 1-0

[Event "MESRRK"]
[Site "?"]
[Date "2018.05.27"]
[Round "9.14"]
[White "Elias, David"]
[Black "Horvathova, Hana"]
[Result "1-0"]
[BlackElo "1140"]
[WhiteElo "1380"]
[LiveChessVersion "1.4.8"]

1. d4 {[%clk 0:20:19]} d5 {[%clk 0:20:16]} 2. Nf3 {[%clk 0:20:24]} Nc6
{[%clk 0:20:21]} 3. e3 {[%clk 0:20:28]} Nf6 {[%clk 0:20:22]} 4. Bd3
{[%clk 0:20:34]} Bg4 {[%clk 0:20:18]} 5. h3 {[%clk 0:20:39]} Bh5 {[%clk 0:20:23]}
6. Nbd2 {[%clk 0:20:43]} e5 {[%clk 0:19:53]} 7. dxe5 {[%clk 0:20:39]} Nxe5
{[%clk 0:19:54]} 8. O-O {[%clk 0:20:19]} Bd6 {[%clk 0:19:56]} 9. Be2
{[%clk 0:19:38]} Nc6 {[%clk 0:19:44]} 10. Nd4 {[%clk 0:18:53]} Bxe2
{[%clk 0:19:19]} 11. Qxe2 {[%clk 0:19:01]} O-O {[%clk 0:19:12]} 12. Nxc6
{[%clk 0:19:07]} bxc6 {[%clk 0:19:16]} 13. e4 {[%clk 0:19:10]} dxe4
{[%clk 0:19:04]} 14. Nxe4 {[%clk 0:19:17]} Re8 {[%clk 0:18:58]} 15. Nxf6+
{[%clk 0:19:23]} Qxf6 {[%clk 0:18:57]} 16. Qc4 {[%clk 0:19:10]} c5
{[%clk 0:18:27]} 17. Be3 {[%clk 0:18:50]} Qe5 {[%clk 0:18:03]} 18. g3
{[%clk 0:18:51]} Qxb2 19. Bxc5 {[%clk 0:19:00]} Bxc5 {[%clk 0:17:18]} 20. Qxc5
Qe5 21. Qc6 {[%clk 0:18:56]} Qd6 {[%clk 0:15:35]} 22. Qf3 {[%clk 0:18:27]} h6
{[%clk 0:14:48]} 23. Rfd1 {[%clk 0:17:11]} Qc5 {[%clk 0:14:06]} 24. a3
{[%clk 0:17:11]} Qxc2 {[%clk 0:14:06]} 25. Rdc1 {[%clk 0:17:16]} Qe2
{[%clk 0:13:44]} 26. Qxe2 {[%clk 0:17:16]} Rxe2 {[%clk 0:13:50]} 27. Rxc7 Ree8
28. Rd1 {[%clk 0:17:15]} a5 {[%clk 0:13:25]} 29. Rdd7 {[%clk 0:17:21]} Rf8
{[%clk 0:13:26]} 30. Ra7 {[%clk 0:17:22]} a4 31. Kf1 {[%clk 0:17:20]} g6
{[%clk 0:12:53]} 32. Kg2 {[%clk 0:17:05]} Kg7 {[%clk 0:12:56]} 33. Kf3 Kf6
{[%clk 0:12:49]} 34. g4 {[%clk 0:17:10]} Ke6 {[%clk 0:12:39]} 35. Rdb7
{[%clk 0:17:13]} f5 {[%clk 0:11:47]} 36. gxf5+ {[%clk 0:17:21]} Rxf5+
{[%clk 0:11:33]} 37. Kg3 {[%clk 0:17:18]} Rxa7 {[%clk 0:11:18]} 38. Rxa7
{[%clk 0:17:26]} Rg5+ {[%clk 0:11:21]} 39. Kh2 {[%clk 0:17:24]} Rf5
{[%clk 0:09:27]} 40. Rxa4 {[%clk 0:16:42]} Rxf2+ {[%clk 0:09:27]} 41. Kg3
{[%clk 0:16:49]} Ra2 {[%clk 0:09:06]} 42. Ra6+ {[%clk 0:16:52]} Kf7
{[%clk 0:09:11]} 43. a4 {[%clk 0:16:46]} Kg7 {[%clk 0:09:14]} 44. h4
{[%clk 0:16:43]} Kf7 {[%clk 0:09:21]} 45. a5 {[%clk 0:16:38]} Kg7
{[%clk 0:09:19]} 46. Ra7+ {[%clk 0:16:41]} Kf6 {[%clk 0:09:20]} 47. a6
{[%clk 0:16:47]} Ke6 {[%clk 0:09:22]} 48. Ra8 {[%clk 0:16:53]} Kf7
{[%clk 0:09:28]} 49. a7 {[%clk 0:16:58]} Kg7 {[%clk 0:09:32]} 50. Kf4
{[%clk 0:17:05]} Kf7 {[%clk 0:09:40]} 51. Ke5 {[%clk 0:17:14]} Ke7
{[%clk 0:09:48]} 52. Rh8 {[%clk 0:17:14]} Re2+ {[%clk 0:09:18]} 53. Kd4
{[%clk 0:17:15]} Rd2+ {[%clk 0:08:30]} 54. Ke3 {[%clk 0:16:02]} Ra2
{[%clk 0:08:38]} 55. a8=Q {[%clk 0:16:08]} Rxa8 {[%clk 0:08:45]} 56. Rxa8
{[%clk 0:16:16]} Kf6 {[%clk 0:08:48]} 57. Kf4 {[%clk 0:16:21]} Ke6
{[%clk 0:08:38]} 58. Ra6+ {[%clk 0:16:28]} Kf7 {[%clk 0:08:44]} 59. Kg4
{[%clk 0:16:35]} h5+ {[%clk 0:08:47]} 60. Kg5 {[%clk 0:16:44]} 1-0

[Event "MESRRK"]
[Site "?"]
[Date "2018.05.27"]
[Round "9.15"]
[White "Orgon, Jakub"]
[Black "Polomsky, Tomas"]
[Result "0-1"]
[BlackElo "1254"]
[WhiteElo "1379"]
[LiveChessVersion "1.4.8"]

1. e4 {[%clk 0:20:19]} c5 {[%clk 0:20:18]} 2. c3 {[%clk 0:20:28]} Nf6
{[%clk 0:20:13]} 3. f3 {[%clk 0:20:36]} Nc6 {[%clk 0:19:20]} 4. d4
{[%clk 0:20:41]} cxd4 {[%clk 0:19:26]} 5. cxd4 d5 {[%clk 0:19:33]} 6. e5
{[%clk 0:20:55]} Nd7 {[%clk 0:19:38]} 7. Be3 {[%clk 0:21:03]} e6 {[%clk 0:18:07]}
8. f4 {[%clk 0:21:03]} Nb6 {[%clk 0:17:22]} 9. Nf3 {[%clk 0:21:10]} Be7
{[%clk 0:16:57]} 10. Nc3 {[%clk 0:21:10]} O-O {[%clk 0:16:58]} 11. Bd3
{[%clk 0:21:19]} Bd7 {[%clk 0:14:50]} 12. O-O {[%clk 0:21:25]} Nb4
{[%clk 0:13:01]} 13. a3 {[%clk 0:20:10]} Nxd3 {[%clk 0:13:05]} 14. Qxd3
{[%clk 0:20:19]} Nc4 {[%clk 0:13:10]} 15. Qe2 {[%clk 0:20:09]} Qb6
{[%clk 0:12:55]} 16. b4 {[%clk 0:19:47]} a5 {[%clk 0:12:39]} 17. Nd2
{[%clk 0:17:41]} Nxd2 {[%clk 0:12:21]} 18. Qxd2 {[%clk 0:17:40]} axb4
{[%clk 0:12:27]} 19. axb4 {[%clk 0:17:46]} Bxb4 {[%clk 0:12:27]} 20. Rab1
{[%clk 0:17:33]} Qa5 {[%clk 0:11:40]} 21. Rfc1 {[%clk 0:17:21]} Rfc8
{[%clk 0:11:05]} 22. Rxb4 {[%clk 0:15:57]} Qxb4 {[%clk 0:10:42]} 23. Qe1
{[%clk 0:15:27]} Ra3 {[%clk 0:10:21]} 24. Bd2 {[%clk 0:15:34]} Qxd4+
{[%clk 0:10:14]} 25. Kh1 {[%clk 0:15:43]} Rb3 {[%clk 0:09:01]} 26. Ne2
{[%clk 0:14:55]} Rxc1 {[%clk 0:08:07]} 27. Qxc1 {[%clk 0:14:44]} Qc4
{[%clk 0:07:04]} 28. Qa1 {[%clk 0:13:54]} h6 {[%clk 0:06:52]} 29. Nc3
{[%clk 0:13:39]} Qd3 {[%clk 0:06:35]} 30. Qc1 {[%clk 0:13:10]} Kh7
{[%clk 0:06:10]} 31. Qe1 {[%clk 0:13:07]} Rb2 {[%clk 0:05:55]} 32. Bc1
{[%clk 0:13:02]} Rc2 {[%clk 0:05:57]} 33. Nb1 {[%clk 0:12:36]} Re2
{[%clk 0:06:00]} 34. Qf1 {[%clk 0:12:05]} Qxb1 {[%clk 0:06:03]} 35. h3
{[%clk 0:12:12]} Rc2 {[%clk 0:06:07]} 36. Qd3+ {[%clk 0:12:06]} g6
{[%clk 0:06:13]} 37. Kh2 {[%clk 0:12:10]} Qxc1 {[%clk 0:06:20]} 38. f5
{[%clk 0:12:16]} Qf4+ {[%clk 0:06:22]} 39. Kg1 {[%clk 0:12:20]} Rc1+
{[%clk 0:06:29]} 40. Qd1 {[%clk 0:12:23]} Rxd1# {[%clk 0:06:26]} 0-1

[Event "MESRRK"]
[Site "?"]
[Date "2018.05.27"]
[Round "9.17"]
[White "Sowinski, Wojciech"]
[Black "Visvader, Kristof"]
[Result "0-1"]
[BlackElo "1280"]
[WhiteElo "1115"]
[LiveChessVersion "1.4.8"]

1. d4 {[%clk 0:20:19]} d5 {[%clk 0:20:18]} 2. c4 {[%clk 0:20:28]} c6
{[%clk 0:20:27]} 3. Nc3 {[%clk 0:20:35]} Nf6 {[%clk 0:20:35]} 4. Bg5
{[%clk 0:20:41]} e6 {[%clk 0:20:35]} 5. e3 {[%clk 0:20:50]} Nbd7 {[%clk 0:20:43]}
6. Nf3 {[%clk 0:20:58]} Qa5 {[%clk 0:20:45]} 7. a3 {[%clk 0:21:05]} dxc4
{[%clk 0:20:51]} 8. Bxc4 {[%clk 0:21:11]} b5 {[%clk 0:20:39]} 9. Be2
{[%clk 0:21:01]} Ne4 {[%clk 0:20:33]} 10. Qc2 {[%clk 0:21:00]} Nxg5
{[%clk 0:20:16]} 11. Nxg5 {[%clk 0:21:09]} b4 {[%clk 0:19:38]} 12. Nce4
{[%clk 0:21:17]} bxa3+ {[%clk 0:19:38]} 13. Nc3 {[%clk 0:20:59]} Qxg5
{[%clk 0:19:26]} 14. O-O {[%clk 0:20:46]} Be7 {[%clk 0:19:14]} 15. bxa3
{[%clk 0:20:51]} O-O {[%clk 0:19:13]} 16. Bd3 {[%clk 0:20:53]} Nf6
{[%clk 0:19:11]} 17. f4 {[%clk 0:21:00]} Qh6 {[%clk 0:18:57]} 18. Rf3
{[%clk 0:20:51]} g6 {[%clk 0:17:54]} 19. Rh3 {[%clk 0:20:37]} Qg7
{[%clk 0:18:01]} 20. e4 {[%clk 0:20:47]} e5 {[%clk 0:18:08]} 21. f5
{[%clk 0:20:40]} exd4 {[%clk 0:17:57]} 22. Ne2 {[%clk 0:20:46]} Nd7
{[%clk 0:16:39]} 23. fxg6 {[%clk 0:20:33]} fxg6 {[%clk 0:16:19]} 24. Bc4+
{[%clk 0:20:29]} Kh8 {[%clk 0:16:25]} 25. Nf4 {[%clk 0:20:36]} Nc5 26. Rf3
{[%clk 0:20:12]} d3 {[%clk 0:15:27]} 27. Bxd3 {[%clk 0:20:13]} Nxd3
{[%clk 0:15:33]} 28. Qxd3 {[%clk 0:20:19]} Qxa1+ {[%clk 0:15:35]} 29. Rf1
{[%clk 0:20:22]} Qxf1+ {[%clk 0:15:41]} 30. Qxf1 {[%clk 0:20:28]} Bc5+
{[%clk 0:15:45]} 31. Kh1 {[%clk 0:20:33]} Ba6 {[%clk 0:15:22]} 32. Nxg6+
{[%clk 0:20:02]} hxg6 {[%clk 0:15:29]} 33. Qxa6 {[%clk 0:20:11]} Rab8
{[%clk 0:15:30]} 34. g3 {[%clk 0:20:12]} Rf2 {[%clk 0:15:06]} 35. Qd3 Rbb2
{[%clk 0:13:50]} 36. Qd8+ {[%clk 0:20:01]} Kg7 {[%clk 0:13:52]} 37. Qd7+
{[%clk 0:20:07]} Kh6 {[%clk 0:13:49]} 38. Qh3+ {[%clk 0:20:14]} Kg5
{[%clk 0:13:40]} 39. Qh4# {[%clk 0:20:18]} 0-1